|
|
|
|
| LEADER |
02726nam a2200601 ia4500 |
| 001 |
001908897 |
| 003 |
CZ BrMZK |
| 005 |
20250227135317.0 |
| 007 |
ta |
| 008 |
240920s2024 xxka g pf 000 0 eng |
| 020 |
|
|
|a 978-1-009-39490-1
|q (student's book ;
|q brožováno)
|
| 020 |
|
|
|a 978-1-009-39492-5
|q (workbook ;
|q brožováno)
|
| 020 |
|
|
|a 978-1-009-39495-6
|q (teacher's book ;
|q brožováno)
|
| 040 |
|
|
|a BOA001
|b cze
|e rda
|
| 072 |
|
7 |
|a 811.111
|x Angličtina
|2 Konspekt
|9 11
|
| 072 |
|
7 |
|a 37.016
|x Učební osnovy. Vyučovací předměty. Učebnice
|2 Konspekt
|9 22
|
| 080 |
|
|
|a 811.111
|2 MRF
|
| 080 |
|
|
|a 81'24:37.091.27
|2 MRF
|
| 080 |
|
|
|a (07.064)81
|2 MRF
|
| 080 |
|
|
|a (076.1)
|2 MRF
|
| 080 |
|
|
|a (072)
|2 MRF
|
| 100 |
1 |
|
|a May, Peter,
|d 1951 červen 11.-
|7 xx0037292
|4 aut
|
| 245 |
1 |
0 |
|a Compact advanced C1 /
|c Peter May
|
| 250 |
|
|
|a Second edition
|
| 264 |
|
1 |
|a Cambridge :
|b Cambridge University Press,
|c 2024
|
| 300 |
|
|
|a 3 svazky :
|b ilustrace (převážně barevné) ;
|c 28 cm
|
| 336 |
|
|
|a text
|b txt
|2 rdacontent
|
| 337 |
|
|
|a bez média
|b n
|2 rdamedia
|
| 338 |
|
|
|a svazek
|b nc
|2 rdacarrier
|
| 500 |
|
|
|a Nad názvem: Official Cambridge exam preparation
|
| 500 |
|
|
|a Obsahuje aktivační kódy ke zpřístupnění digitálních zdrojů
|
| 505 |
0 |
|
|a Student's book with digital pack. 101 stran -- Workbook with digital pack / Helen Tiliouine. 47 stran -- Teacher's book with digital pack / Rod Fricker. 68 stran
|
| 650 |
0 |
7 |
|a angličtina
|7 ph114056
|2 czenas
|
| 650 |
0 |
7 |
|a jazykové zkoušky
|7 ph466388
|2 czenas
|
| 650 |
0 |
7 |
|a Certificate in Advanced English
|7 ph466390
|2 czenas
|
| 650 |
0 |
9 |
|a English language
|2 eczenas
|
| 650 |
0 |
9 |
|a language examinations
|2 eczenas
|
| 650 |
0 |
9 |
|a Certificate in Advanced English
|2 eczenas
|
| 653 |
0 |
|
|a jazyková úroveň C1
|
| 655 |
|
7 |
|a jazykové učebnice, texty, příručky (C)
|7 fd600892
|2 czenas
|
| 655 |
|
7 |
|a pracovní sešity
|7 fd133116
|2 czenas
|
| 655 |
|
7 |
|a metodické příručky
|7 fd132826
|2 czenas
|
| 655 |
|
9 |
|a language textbooks, texts, handbooks (C)
|2 eczenas
|
| 655 |
|
9 |
|a activity books
|2 eczenas
|
| 655 |
|
9 |
|a methodological manuals
|2 eczenas
|
| 700 |
1 |
|
|a Tiliouine, Helen
|7 mzk2014809678
|4 aut
|
| 700 |
1 |
|
|a Fricker, Rod
|7 pna2007403785
|4 aut
|
| 910 |
|
|
|a BOA001
|b 3-1530.500
|
| 990 |
|
|
|a BK
|
| 991 |
|
|
|b 202409
|c NOV
|x 99
|
| 996 |
7 |
|
|b 2610979742
|c 3-1530.500
|d 1,student's book
|v 1
|l Anglická knihovna/2.patro
|r ZHR
|n 3
|p kupz
|h XA 7
|w 001977873
|u 000010
|a 0
|e BOA001
|j MZK50
|s A
|
| 996 |
7 |
|
|b 2610979743
|c 3-1530.500
|d 2,workbook
|v 2
|l Anglická knihovna/2.patro
|r ZHR
|n 1
|p kupz
|h XA 7
|w 001977873
|u 000020
|a 0
|e BOA001
|j MZK50
|s A
|
| 996 |
7 |
|
|b 2610979744
|c 3-1530.500
|d 3,teacher's book
|v 3
|l Anglická knihovna/2.patro
|r ZHR
|n 3
|p kupz
|h XA 7
|w 001977873
|u 000030
|a 0
|e BOA001
|j MZK50
|s A
|